000 00543nam a2200241Ia 4500
003 OSt
005 20220912152232.0
006 a|||||r|||| 00| 0
007 ta
008 220909b |||||||| |||| 00| 0 eng d
024 _a56769
037 _cTextual
040 _aCSL
_beng
_cCSL
041 _aeng
082 _aAz7, H64
100 _aSumner W L
245 0 _aProgress in science
260 _c1946
300 _ap.
_ccm.
650 _aScience
942 _hAz7, H64
_cTEXL
_2CC
999 _c82616
_d82616